[Event "Olkhovskiy Memorial rapid"]
[Site "Vinnytsia"]
[Date "2016.04.23"]
[Round "1"]
[White "Budnikov, Oleg"]
[Black "Ischenko, Iryna"]
[Result "1-0"]
[WhiteElo "2367"]
[BlackElo "1704"]
[PlyCount "73"]
[EventDate "2016.04.23"]
[EventType "swiss (rapid)"]
[EventRounds "13"]
[EventCountry "UKR"]
[SourceTitle "CBM 172 Extra"]
[Source "ChessBase"]
[SourceDate "2016.06.21"]
[SourceVersion "1"]
[SourceVersionDate "2016.06.21"]
[SourceQuality "1"]

1. c4 e5 2. e3 c5 3. Nc3 Nf6 4. d3 d5 5. cxd5 Nxd5 6. Nf3 Nc6 7. a3 Be6 8. Be2 Be7 9. 0-0 0-0 10. Qc2 Nc7 11. Ne4 b6 12. b4 f5 13. Ned2 Rc8 14. Bb2 Bd6 15. bxc5 bxc5 16. Nc4 Bxc4 17. Qxc4+ Kh8 18. Rfd1 Qe7 19. Nd2 Ne6 20. Qc2 f4 21. Ne4 Bc7 22. Bg4 fxe3 23. fxe3 Bb6 24. Qc4 Rce8 25. Rf1 Ng5 26. Qd5 Nxe4 27. Qxe4 Qd6 28. Bh5 Rd8 29. Rxf8+ Rxf8 30. Bf3 Rc8 31. Rf1 c4 32. dxc4 Qc5 33. Bc1 Na5 34. Be2 Nb3 35. Bd3 g6 36. Rf7 Qc6 37. Qxe5+ 1-0